History Quiz

Random History or Letter Quiz

Presidential Surname Letter Trios Quiz Stats

 Plays Quiz Updated May 31, 2018

Challenge
Share
Tweet
Embed
Score 0/12 Timer 02:00
4 Plays Today
% Correct
J. Adams
95.1%
J.Q. Adams
95.1%
F. Roosevelt
92.6%
T. Roosevelt
92.6%
G.H.W. Bush
89.4%
G.W. Bush
89.4%
Madison
87.3%
Monroe
86.8%
Reagan
83%
Buchanan
73.6%
Arthur
66.3%
McKinley
61.7%

You're not logged in!

Compare scores with friends on all Sporcle quizzes.
OR
Log In

You Might Also Like...

Show Comments

Extras

Top Quizzes Today


Score Distribution

Your Account Isn't Verified!

In order to create a playlist on Sporcle, you need to verify the email address you used during registration. Go to your Sporcle Settings to finish the process.

Report this User

Report this user for behavior that violates our Community Guidelines.

Details: